<?xml version="1.0" encoding="UTF-8"?>
<record
    xmlns:xsi="http://www.w3.org/2001/XMLSchema-instance"
    xsi:schemaLocation="http://www.loc.gov/MARC21/slim http://www.loc.gov/standards/marcxml/schema/MARC21slim.xsd"
    xmlns="http://www.loc.gov/MARC21/slim">

  <leader>06008nam a2200529 a 4500</leader>
  <controlfield tag="001">dia_6376</controlfield>
  <controlfield tag="003">CHAP</controlfield>
  <controlfield tag="005">20240812095836.0</controlfield>
  <controlfield tag="007">ta</controlfield>
  <controlfield tag="008">220117s2016    mx abdofrm    001 0 spa d</controlfield>
  <datafield tag="010" ind1=" " ind2=" ">
    <subfield code="a">177764</subfield>
  </datafield>
  <datafield tag="040" ind1=" " ind2=" ">
    <subfield code="a">mxchpua</subfield>
    <subfield code="c">CHAP</subfield>
  </datafield>
  <datafield tag="041" ind1="0" ind2=" ">
    <subfield code="a">spa</subfield>
    <subfield code="b">eng</subfield>
  </datafield>
  <datafield tag="090" ind1=" " ind2=" ">
    <subfield code="a">Tesis </subfield>
    <subfield code="b">M37 </subfield>
    <subfield code="c">2016</subfield>
  </datafield>
  <datafield tag="100" ind1="1" ind2=" ">
    <subfield code="a">Mar&#xED;n Peralta, Alejandra Ira&#xED;s</subfield>
  </datafield>
  <datafield tag="240" ind1="1" ind2="0">
    <subfield code="a">Study of precooling methods for small fruit and vegetable growers in west Virginia, USA.</subfield>
    <subfield code="l">Espa&#xF1;ol</subfield>
  </datafield>
  <datafield tag="245" ind1="1" ind2="0">
    <subfield code="a">Propuesta de m&#xE9;todos de preenfriamiento de frutas y hortalizas para peque&#xF1;os productores de Virginia Occidental, EUA. /</subfield>
    <subfield code="c">Alejandra Irais Mar&#xED;n Peralta</subfield>
  </datafield>
  <datafield tag="264" ind1=" " ind2=" ">
    <subfield code="a">Chapingo, M&#xE9;xico :</subfield>
    <subfield code="b">El autor,</subfield>
    <subfield code="c">2016</subfield>
  </datafield>
  <datafield tag="300" ind1=" " ind2=" ">
    <subfield code="a">xii, 88 hojas : </subfield>
    <subfield code="b">ilustraciones, tablas, gr&#xE1;ficas, mapas, fotos +</subfield>
    <subfield code="e">1 CD-ROM</subfield>
  </datafield>
  <datafield tag="336" ind1=" " ind2=" ">
    <subfield code="2">rdacontent</subfield>
    <subfield code="a">texto</subfield>
    <subfield code="b">txt</subfield>
  </datafield>
  <datafield tag="337" ind1=" " ind2=" ">
    <subfield code="2">rdamedia</subfield>
    <subfield code="a">no mediado</subfield>
    <subfield code="b">n</subfield>
  </datafield>
  <datafield tag="338" ind1=" " ind2=" ">
    <subfield code="2">rdacarrier</subfield>
    <subfield code="a">volumen</subfield>
    <subfield code="b">nc</subfield>
  </datafield>
  <datafield tag="502" ind1=" " ind2=" ">
    <subfield code="a">Informe de Estancia Preprofesional </subfield>
    <subfield code="b">(Ingeniero Agroindustrial) --</subfield>
    <subfield code="c">UACh. Departamento de Ingenier&#xED;a Agroindustrial,</subfield>
    <subfield code="d">2016</subfield>
  </datafield>
  <datafield tag="504" ind1=" " ind2=" ">
    <subfield code="a">Biblograf&#xED;a: hojas 75-79</subfield>
  </datafield>
  <datafield tag="520" ind1="3" ind2=" ">
    <subfield code="a">El trabajo de estancia preprofesional consisti&#xF3; en identificar las necesidades de preenfriamiento de frutas y hortalizas para los agricultores que forman parte del programa piloto "Capacidad de recursos frigor&#xED;ficos y asistencia t&#xE9;cnica para peque&#xF1;os productores y productores urbanos en Virginia Occidental" de la Universidad Estatal de Virginia Occidental (West Virginia State University). Este paso es importante para dise&#xF1;ar m&#xE9;todos de preenfriamiento para productos hortofrut&#xED;colas los cuales incrementen su calidad y comercializaci&#xF3;n. Se encuestaron 16 productores agr&#xED;colas del centro-sur del estado para extraer informaci&#xF3;n respecto a manejo postcosecha: tipos de productos, &#xE9;pocas de cosecha, &#xED;ndices de producci&#xF3;n, horarios de cosecha, m&#xE9;todos de preenfriamiento, m&#xE9;todos y condiciones de almacenamiento, duraci&#xF3;n de almacenamiento y distribuci&#xF3;n de sus productos. Se recibieron 9 encuestas con datos completos: Hudson Farms, John Bombardiere, Tyler Creek Farms, McDowell County Farm, Sweetland, Brabham Family, Bennet y Sunset Farms. Se clasificaron en tres tama&#xF1;os: peque&#xF1;o, mediano y grande, lo cual permiti&#xF3; que se propusieran m&#xE9;todos de preenfriamiento para cada grupo. Para los productores peque&#xF1;os con una producci&#xF3;n m&#xE1;xima de 500 kg semanales, se propone la utilizaci&#xF3;n de un sistema de preenfriamiento portacooler, con medidas de 1.5 m x 1.5 m x 1.0 m, con refrigeraci&#xF3;n mediante un evaporador de 880 W (3000 BTU/h) y una unidad condensadora Bohn de 186 W (1/4 HP). Para los productores medianos y grandes con producciones de hasta 2000 kg semanales, se recomend&#xF3; una c&#xE1;mara de refrigeraci&#xF3;n con medidas de 2.0 m x 2.5 m x 2.0 m con un evaporador de 1524 W (5200 BTU/h) y una unidad condensadora Bohn de 373 W (1/2 HP). La implementaci&#xF3;n de estos m&#xE9;todos de preenfriamiento en el sitio de cosecha, permitir&#xED;a un mejor control de las variables fisiol&#xF3;gicas de estos productos, las cuales incluyen una reducci&#xF3;n en las tasas de respiraci&#xF3;n y disminuci&#xF3;n de la acci&#xF3;n enzim&#xE1;tica. Esto a su vez se reflejar&#xED;a en la prolongaci&#xF3;n de la vida de anaquel y un mejoramiento en general de su calidad. </subfield>
  </datafield>
  <datafield tag="520" ind1="3" ind2=" ">
    <subfield code="a">The main purpose of this study was to unveil the precooling needs of small growers in southern West Virginia who are part of an ongoing project at West Virginia State University, entitled: "Building capacity of cold storage resources and technical assistance for small and urban farms in West Virginia". This step is important for the entire project as it provides key preliminary information and the basis for proposing different precooling methods for these growers' agricultural products. Surveys were prepared to extract information about their crops, peak harvest, production size, harvest dates, precooling methods, storage methods and conditions, and storage and product distribution. All 16 growers, comprising the pilot program, participated in this survey. Nine surveys came back with complete answers. Based on the information received, growers were grouped in three size categories to further determine precooling strategies: small, medium and large. Based on these results, the following are proposed strategies for precooling. For small growers producing no more than 500 kg weekly, the precooling system Portacooler, sizes 1.5 m x 1.5 m x 1.0 m, using an evaporator of 880 W (3000 BTU/h) and a condensing unit Bohn of 373 W (1/4 HP) was recommendable. For medium and large size growers producing no more than 2000 kg weekly, the room cooling option with a size of 2.0 x 2.5 x 2.0 m, using an evaporative system of 1524 W (5200 BTU/h) and a condensing unit Bohn of 373 W (1/2 HP) was the recommended option. If implemented on site, these precooling methods would allow growers to better control the physiological aspects of their crops during postharvest, including respiration rates and enzymatic actions which will in turn translate into longer shelf life and overall product quality.</subfield>
  </datafield>
  <datafield tag="650" ind1="1" ind2="3">
    <subfield code="a">Frutos  </subfield>
    <subfield code="2">atg</subfield>
  </datafield>
  <datafield tag="650" ind1="1" ind2="3">
    <subfield code="a">Iniciativa empresarial  </subfield>
    <subfield code="x">Estados Unidos</subfield>
    <subfield code="x">Virginia  </subfield>
    <subfield code="2">atg</subfield>
  </datafield>
  <datafield tag="650" ind1="1" ind2="3">
    <subfield code="a">Preenfriamiento  </subfield>
    <subfield code="2">atg</subfield>
  </datafield>
  <datafield tag="650" ind1="1" ind2="3">
    <subfield code="a">Preservaci&#xF3;n de alimentos</subfield>
    <subfield code="2">atg</subfield>
  </datafield>
  <datafield tag="650" ind1="1" ind2="3">
    <subfield code="a">Tratamiento postcosecha  </subfield>
    <subfield code="2">atg</subfield>
  </datafield>
  <datafield tag="650" ind1="1" ind2="3">
    <subfield code="a">Verduras  </subfield>
    <subfield code="2">atg</subfield>
  </datafield>
  <datafield tag="650" ind1="1" ind2="3">
    <subfield code="a">Vegetables  </subfield>
    <subfield code="2">atg</subfield>
  </datafield>
  <datafield tag="650" ind1="1" ind2="3">
    <subfield code="a">Entrepreneurship</subfield>
    <subfield code="x">United States</subfield>
    <subfield code="x">Virginia</subfield>
    <subfield code="2">atg</subfield>
  </datafield>
  <datafield tag="650" ind1="1" ind2="3">
    <subfield code="a">Food preservation  </subfield>
    <subfield code="2">atg</subfield>
  </datafield>
  <datafield tag="650" ind1="1" ind2="3">
    <subfield code="a">Postharvest treatment  </subfield>
    <subfield code="2">atg</subfield>
  </datafield>
  <datafield tag="650" ind1="1" ind2="3">
    <subfield code="a">Fruits  </subfield>
    <subfield code="2">atg</subfield>
  </datafield>
  <datafield tag="650" ind1="1" ind2="3">
    <subfield code="a">Precooling  </subfield>
    <subfield code="2">atg</subfield>
  </datafield>
  <datafield tag="700" ind1="1" ind2=" ">
    <subfield code="a">Covarrubias Guti&#xE9;rrez, Ignacio</subfield>
    <subfield code="e">director</subfield>
  </datafield>
  <datafield tag="700" ind1="1" ind2=" ">
    <subfield code="a">Su&#xE1;rez Espinosa, Carlos</subfield>
    <subfield code="e">asesor</subfield>
  </datafield>
  <datafield tag="700" ind1="1" ind2=" ">
    <subfield code="a">Toledo Gayt&#xE1;n, Jos&#xE9; Ulises</subfield>
    <subfield code="e">asesor</subfield>
  </datafield>
  <datafield tag="856" ind1=" " ind2=" ">
    <subfield code="u">http://10.13.5.2/tesis/sist113010.pdf</subfield>
    <subfield code="y">DESCARGAR PDF</subfield>
  </datafield>
  <datafield tag="901" ind1=" " ind2=" ">
    <subfield code="a">Tesis M37 2016</subfield>
  </datafield>
  <datafield tag="902" ind1=" " ind2=" ">
    <subfield code="a">M</subfield>
  </datafield>
  <datafield tag="905" ind1=" " ind2=" ">
    <subfield code="a">5232272016                          MX NMDL8223123322SPA16</subfield>
  </datafield>
  <datafield tag="942" ind1=" " ind2=" ">
    <subfield code="c">TESIS</subfield>
    <subfield code="2">Clasificaci&#xF3;n Universidad Aut&#xF3;noma Chapingo</subfield>
  </datafield>
  <datafield tag="999" ind1=" " ind2=" ">
    <subfield code="c">177764</subfield>
    <subfield code="d">177764</subfield>
  </datafield>
  <datafield tag="952" ind1=" " ind2=" ">
    <subfield code="0">0</subfield>
    <subfield code="1">0</subfield>
    <subfield code="2">local</subfield>
    <subfield code="4">0</subfield>
    <subfield code="5">1</subfield>
    <subfield code="7">0</subfield>
    <subfield code="8">TESIS</subfield>
    <subfield code="a">IA_</subfield>
    <subfield code="b">IA_</subfield>
    <subfield code="d">2016-01-18</subfield>
    <subfield code="e">El autor</subfield>
    <subfield code="l">0</subfield>
    <subfield code="o">Tesis M37 2016</subfield>
    <subfield code="p">1101005547</subfield>
    <subfield code="r">2022-01-18 00:00:00</subfield>
    <subfield code="t">Ej.2</subfield>
    <subfield code="w">2016-01-18</subfield>
    <subfield code="y">CD</subfield>
  </datafield>
  <datafield tag="952" ind1=" " ind2=" ">
    <subfield code="0">0</subfield>
    <subfield code="1">0</subfield>
    <subfield code="2">local</subfield>
    <subfield code="4">0</subfield>
    <subfield code="5">1</subfield>
    <subfield code="7">0</subfield>
    <subfield code="8">TESIS</subfield>
    <subfield code="a">IA_</subfield>
    <subfield code="b">IA_</subfield>
    <subfield code="d">2016-01-18</subfield>
    <subfield code="e">El autor</subfield>
    <subfield code="l">0</subfield>
    <subfield code="o">Tesis M37 2016</subfield>
    <subfield code="p">1101005546</subfield>
    <subfield code="r">2026-02-02 00:00:00</subfield>
    <subfield code="t">Ej.1</subfield>
    <subfield code="w">2016-01-18</subfield>
    <subfield code="y">TESIS</subfield>
  </datafield>
  <datafield tag="952" ind1=" " ind2=" ">
    <subfield code="0">0</subfield>
    <subfield code="1">0</subfield>
    <subfield code="2">local</subfield>
    <subfield code="4">0</subfield>
    <subfield code="7">0</subfield>
    <subfield code="8">TesDigL</subfield>
    <subfield code="a">IA_</subfield>
    <subfield code="b">IA_</subfield>
    <subfield code="c">E_L</subfield>
    <subfield code="d">2016-01-18</subfield>
    <subfield code="e">El autor</subfield>
    <subfield code="l">0</subfield>
    <subfield code="p">1201005546</subfield>
    <subfield code="r">2024-08-12 11:08:04</subfield>
    <subfield code="w">2024-08-12</subfield>
    <subfield code="y">TD</subfield>
  </datafield>
</record>
